Hamas : (Record no. 10862)

MARC details
000 -LEADER
fixed length control field 02133cam a2200409 i 4500
001 - CONTROL NUMBER
control field 14257507
003 - CONTROL NUMBER IDENTIFIER
control field EG-ScBUE
005 - DATE AND TIME OF LATEST TRANSACTION
control field 20240602090705.0
008 - FIXED-LENGTH DATA ELEMENTS--GENERAL INFORMATION
fixed length control field 060208t2006 ctu f b 001 0 eng d
020 ## - INTERNATIONAL STANDARD BOOK NUMBER
International Standard Book Number 9780300122589
035 ## - SYSTEM CONTROL NUMBER
System control number (OCoLC)ocm63692725
040 ## - CATALOGING SOURCE
Original cataloging agency DLC
Language of cataloging eng
Description conventions rda
Transcribing agency DLC
Modifying agency BAKER
-- C#P
-- UKM
-- YUS
-- IXA
-- VP@
-- COO
-- DLC
-- EG-ScBUE
043 ## - GEOGRAPHIC AREA CODE
Geographic area code a-is---
-- awba---
-- awgz---
082 04 - DEWEY DECIMAL CLASSIFICATION NUMBER
Classification number 956.953044
Edition number 22
Item number LEV
100 1# - MAIN ENTRY--PERSONAL NAME
Personal name Levitt, Matthew,
Dates associated with a name 1970-
Relator term author.
245 10 - TITLE STATEMENT
Title Hamas :
Remainder of title Politics, charity, and terrorism in the service of jihad /
Statement of responsibility, etc Matthew Levitt ; foreword by Dennis Ross.
264 #1 - PUBLICATION, DISTRIBUTION, ETC. (IMPRINT)
Place of publication, distribution, etc New Haven :
Name of publisher, distributor, etc Yale University Press,
Date of publication, distribution, etc [2006]
264 #4 - PUBLICATION, DISTRIBUTION, ETC. (IMPRINT)
Date of publication, distribution, etc c2006
300 ## - PHYSICAL DESCRIPTION
Extent xi, 324 pages ;
Dimensions 25 cm
336 ## - CONTENT TYPE
Source rdacontent
Content type term text
Content type code txt
337 ## - MEDIA TYPE
Media type term unmediated
Source rdamedia
Media type code n
338 ## - CARRIER TYPE
Carrier type term volume
Carrier type code nc
Source rdacarrier
500 ## - GENERAL NOTE
General note "Published in cooperation with the Washington Institute for Near East Policy."
504 ## - BIBLIOGRAPHY, ETC. NOTE
Bibliography, etc Includes bibliographical references and index.
505 0# - FORMATTED CONTENTS NOTE
Formatted contents note Origins of the Hamas dawa -- Terror and the Hamas political leadership -- Economic jihad : how Hamas finances terror -- The logistics of terror : tactical uses of the dawa -- Teaching terror : how the dawa radicalizes Palestinian society -- Foreign funding of Hamas -- State support for Hamas -- Will Hamas target the West? -- Displacing the Hamas dawa.
610 27 - SUBJECT ADDED ENTRY--CORPORATE NAME
Corporate name or jurisdiction name as entry element Ḥarakat al-Muqāwamah al-Islāmīyah‏.
Source of heading or term BUEsh
650 #7 - SUBJECT ADDED ENTRY--TOPICAL TERM
Topical term or geographic name as entry element Daʻwah (Islam)
650 #7 - SUBJECT ADDED ENTRY--TOPICAL TERM
Topical term or geographic name as entry element Suicide bombings
Geographic subdivision Israel.
Source of heading or term BUEsh
655 ## - INDEX TERM--GENRE/FORM
Form subdivision Reading book
710 2# - ADDED ENTRY--CORPORATE NAME
Corporate name or jurisdiction name as entry element Washington Institute for Near East Policy.
856 41 - ELECTRONIC LOCATION AND ACCESS
Materials specified Table of contents only
Uniform Resource Identifier <a href="http://www.loc.gov/catdir/toc/ecip068/2006004381.html">http://www.loc.gov/catdir/toc/ecip068/2006004381.html</a>
856 42 - ELECTRONIC LOCATION AND ACCESS
Materials specified Contributor biographical information
Uniform Resource Identifier <a href="http://www.loc.gov/catdir/enhancements/fy0634/2006004381-b.html">http://www.loc.gov/catdir/enhancements/fy0634/2006004381-b.html</a>
856 42 - ELECTRONIC LOCATION AND ACCESS
Materials specified Publisher description
Uniform Resource Identifier <a href="http://www.loc.gov/catdir/enhancements/fy0634/2006004381-d.html">http://www.loc.gov/catdir/enhancements/fy0634/2006004381-d.html</a>
856 42 - ELECTRONIC LOCATION AND ACCESS
Materials specified Book review (H-Net)
Uniform Resource Identifier <a href="http://www.h-net.org/review/hrev-a0f6f9-aa">http://www.h-net.org/review/hrev-a0f6f9-aa</a>
942 ## - ADDED ENTRY ELEMENTS (KOHA)
Source of classification or shelving scheme Dewey Decimal Classification
Koha item type Book - Borrowing
Holdings
Withdrawn status Lost status Source of classification or shelving scheme Damaged status Not for loan Collection code Home library Current library Shelving location Date acquired Source of acquisition Cost, normal purchase price Serial Enumeration / chronology Total Checkouts Full call number Barcode Date last seen Date checked out Price effective from Koha item type
    Dewey Decimal Classification     Alahram Central Library Central Library Second Floor 17/02/2009 Purchase 119.00 367 4 956.953044 LEV 000014825 15/07/2025 22/05/2013 17/02/2009 NB - Book (Non borrowing)